logo

Bir Sreshtho Munshi Abdur Rouf Library
Jhenaidah Cadet College

The loved one / (Record no. 8280)

MARC details
000 -LEADER
fixed length control field 00933cam a2200313 a 4500
001 - CONTROL NUMBER
JCCL Control Number 8280
003 - CONTROL NUMBER IDENTIFIER
JCCL marc code BD-JhCC
005 - DATE AND TIME OF LATEST TRANSACTION
control field 20180220130044.0
008 - FIXED-LENGTH DATA ELEMENTS--GENERAL INFORMATION
fixed length control field 030303s2003 ilu 000 1 eng
020 ## - INTERNATIONAL STANDARD BOOK NUMBER
International Standard Book Number 0842372148 (alk. paper)
035 ## - SYSTEM CONTROL NUMBER
system control number (BD-JhCC)8280
040 ## - CATALOGING SOURCE
Original cataloging agency DLC
Transcribing agency DLC
Modifying agency DLC
-- BD-JhCC
041 ## - LANGUAGE CODE
Language code of Book eng
050 00 - LIBRARY OF CONGRESS CALL NUMBER
Classification number PS3566.A495
Item number L677 2003
082 00 - DEWEY DECIMAL CLASSIFICATION NUMBER
Classification number 813/.54
DDC Edition number 21
Author mark and Year PAL 2003
100 1# - MAIN ENTRY--PERSONAL NAME
Personal name Palmer, Catherine,
Dates associated with a name 1956-
245 14 - TITLE STATEMENT
Title The loved one /
Statement of responsibility, etc Catherine Palmer, Peggy Stoks.
260 ## - PUBLICATION, DISTRIBUTION, ETC. (IMPRINT)
Place of publication, distribution, etc Wheaton, Ill. :
Name of publisher, distributor, etc Tyndale House,
Date of publication, distribution, etc c2003.
300 ## - PHYSICAL DESCRIPTION
Pagination 185 p. ;
Dimensions 19 cm.
440 #0 -
Title Moving fiction
650 #0 - SUBJECT ADDED ENTRY--TOPICAL TERM
Topical term or geographic name as entry element Soldiers
General subdivision Family relationships
Form subdivision Fiction.
650 #0 - SUBJECT ADDED ENTRY--TOPICAL TERM
Topical term or geographic name as entry element Vietnam War, 1961-1975
General subdivision Veterans
Form subdivision Fiction.
650 #0 - SUBJECT ADDED ENTRY--TOPICAL TERM
Topical term or geographic name as entry element Recruiting and enlistment
Form subdivision Fiction.
650 #0 - SUBJECT ADDED ENTRY--TOPICAL TERM
Topical term or geographic name as entry element Mothers and sons
Form subdivision Fiction.
655 #7 -
Genre/form data or focus term Christian fiction.
Source of term gsafd
700 1# - ADDED ENTRY--PERSONAL NAME
Personal name Stoks, Peggy.
942 ## - ADDED ENTRY ELEMENTS (KOHA)
Source of classification or shelving scheme Dewey Decimal Classification
Koha item type Books
Holdings
Source of classification or shelving scheme Damaged status Not for loan Home library Current library Shelving location Date of accession Total Checkouts Full call number Barcode Date last seen Date checked out Copy number Koha item type
Dewey Decimal Classification     JCC Rouf Library JCC Rouf Library General Stacks 11/18/2024 1 813/.54 PAL 2003 9278 12/01/2024 11/18/2024 C-1 Books

JCC Library | Contacts | JCC Home

Last Update on 23 September 2017
Copyright @ 2017-2020 JCC Rouf Library
Rouf Library, Jhenidah Cadet College (JCC), Bangladesh